<?xml version="1.0" encoding="UTF-8"?>
<marc:record xmlns:marc="http://www.loc.gov/MARC21/slim">
   <marc:leader>00000nam a2200000 a 4500</marc:leader>
   <marc:datafield ind1="1" ind2=" " tag="100">
      <marc:subfield code="a">Lenz, Clara</marc:subfield>
      <marc:subfield code="4">aut</marc:subfield>
      <marc:subfield code="e">Verfasser/-in</marc:subfield>
   </marc:datafield>
   <marc:datafield ind1="0" ind2="0" tag="245">
      <marc:subfield code="a">Konditorei Zauner</marc:subfield>
   </marc:datafield>
   <marc:datafield ind1="0" ind2="0" tag="245">
      <marc:subfield code="b">Der Zuckerbäcker der Kaiserin: Roman</marc:subfield>
   </marc:datafield>
   <marc:datafield ind1=" " ind2="1" tag="264">
      <marc:subfield code="b">Saga Egmont</marc:subfield>
      <marc:subfield code="c">2025</marc:subfield>
   </marc:datafield>
   <marc:datafield ind1="1" ind2=" " tag="490">
      <marc:subfield code="a">Konditorei Zauner</marc:subfield>
   </marc:datafield>
   <marc:datafield ind1="1" ind2=" " tag="520">
      <marc:subfield code="a">Salzkammergut, 1837: Während der Kaiser nach Ischl reist, um die Sommerfrische zu genießen, will sich Bäckerstochter Lisa in der Kurstadt ihren Traum erfüllen: In der Hofkonditorei Zauner möchte sie die edle Kunst der Zuckerbäcker erlernen, doch Frauen bleibt der Beruf verwehrt. Stattdessen bietet ihr Johann Zauner an, als "Zaunerin" im Verkauf zu arbeiten. Nur heimlich ist Lisa an der Herstellung köstlicher Kreationen beteiligt, die sogar die junge Kaiserin Elisabeth begeistern.</marc:subfield>
   </marc:datafield>
   <marc:datafield ind1=" " ind2=" " tag="020">
      <marc:subfield code="a">9783987500930</marc:subfield>
      <marc:subfield code="9">9783987500930</marc:subfield>
   </marc:datafield>
</marc:record>
